| 000 | 00865nam a22002657a 4500 | ||
|---|---|---|---|
| 005 | 20240709145828.0 | ||
| 008 | 110312t xxu||||| |||| 00| 0 eng d | ||
| 010 | _aENG-140864-65 | ||
| 020 |
_a9780670093991(Vol 1) _c899.00 |
||
| 020 |
_a9780670094004(Vol 2) _c999.00 |
||
| 035 | _aEN-124396-97 | ||
| 037 | _bDBAD | ||
| 050 | _a170 | ||
| 082 | _a170 | ||
| 100 |
_aSasidharan, G.K. _926511 |
||
| 245 |
_aNot Many But One: _bSree Narayana Guru's Philosophy of Universal Oneness/ _cBy G.K.Sasidharan, |
||
| 250 | _a1st ed. | ||
| 260 |
_aHaryana _bPenguin Random House Pvt Ltd _c2020 |
||
| 270 |
_a4th Floor, Capital Tower 1, MG Roaod , Gurugram _bHaryana _e122002 |
||
| 300 |
_axx,455p. _c24cm(hb) |
||
| 300 |
_a512p. _c24cm(hb) |
||
| 490 | _vVolume 1, Volume 2 | ||
| 700 |
_aA.P.J Abdul Kalam _926513 |
||
| 942 |
_2ddc _cEN _h170 _mSAS _e1 |
||
| 999 |
_c204067 _d204067 |
||